BIBLIOTECA PODER JUDICIAL
Portal Judicial TDF

El secuestro extorsivo : (Registro nro. 5500)

000 -LEADER
fixed length control field 01196nab a22002417a 4500
003 - CONTROL NUMBER IDENTIFIER
control field OSt
005 - DATE AND TIME OF LATEST TRANSACTION
control field 20251209142808.0
008 - FIXED-LENGTH DATA ELEMENTS--GENERAL INFORMATION
fixed length control field 190502c xxu||||| |||| 00| 0 spa d
040 ## - CATALOGING SOURCE
Transcribing agency PJ
100 ## - MAIN ENTRY--PERSONAL NAME
9 (RLIN) 6494
Personal name García Carrón Bonavena, Gonzalo
245 10 - TITLE STATEMENT
Title El secuestro extorsivo : <br/>
Remainder of title un entramado delictivo complejo /
Statement of responsibility, etc Gonzalo García Carrón Bonavena.
260 ## - PUBLICATION, DISTRIBUTION, ETC. (IMPRINT)
Place of publication, distribution, etc Ciudad Autónoma de Buenos Aires :
Name of publisher, distributor, etc Thomson Reuters La Ley,
Date of publication, distribution, etc 2025.
300 ## - PHYSICAL DESCRIPTION
Extent p. 81-88
500 ## - GENERAL NOTE
General note Cita Online: AR/DOC/1533/2025.
505 ## - FORMATTED CONTENTS NOTE
Formatted contents note Sumario: I. Introducción.— II. Hechos del caso y resolución judicial.— III. Análisis de las figuras en juego.— IV. Conclusión.<br/><br/>
505 ## - FORMATTED CONTENTS NOTE
Title Fallo comentado: CNCasCrim. y Correc., sala III ~ 08/02/2024 ~ G., A. V. y otros s/ secuestro extorsivo. Solicitante: A. A., N. V. y otro.
505 ## - FORMATTED CONTENTS NOTE
Title ¿Te interesa el texto completo? Solicitalo al correo: koha@justierradelfuego.gov.ar
650 #0 - SUBJECT ADDED ENTRY--TOPICAL TERM
9 (RLIN) 343
Topical term or geographic name as entry element DERECHO PENAL
650 #0 - SUBJECT ADDED ENTRY--TOPICAL TERM
9 (RLIN) 3228
Topical term or geographic name as entry element SECUESTRO EXTORSIVO
650 #0 - SUBJECT ADDED ENTRY--TOPICAL TERM
9 (RLIN) 2753
Topical term or geographic name as entry element PARTICIPACIÓN CRIMINAL
773 0# - HOST ITEM ENTRY
Host Biblionumber 2729
Host Itemnumber 3180
Place, publisher, and date of publication Buenos Aires : LexisNexis, 2006-
Title Revista de derecho penal y procesal penal. Nº 8 - Agosto 2025
International Standard Book Number 9875920622
942 ## - ADDED ENTRY ELEMENTS (KOHA)
Source of classification or shelving scheme
Koha item type Analítica Artículo de Revista

No hay ítems disponibles.

12 de Octubre 789 Ushuaia - Tel:  54(02901)441571
Horario de Atención: 8.00 a 17.00 hs. 
bibliotecaush@justierradelfuego.gov.ar
koha@justierradelfuego.gov.ar
Seguinos en nuestras redes @bibliojustdf 

Con tecnología Koha